Radar cross section evaluation of scaled down electromagnetic model of JF-17 (Record no. 322905)

000 -LEADER
fixed length control field 00393 a2200133 4500
001 - CONTROL NUMBER
control field 87832
082 ## - DEWEY DECIMAL CLASSIFICATION NUMBER
Classification number PR 209
090 ## - LOCALLY ASSIGNED LC-TYPE CALL NUMBER (OCLC); LOCAL CALL NUMBER (RLIN)
-- 41294
-- 41294
100 ## - MAIN ENTRY--PERSONAL NAME
Personal name Ahsan Abdul Sattar, Plt Off 16061
245 ## - TITLE STATEMENT
Title Radar cross section evaluation of scaled down electromagnetic model of JF-17
260 ## - PUBLICATION, DISTRIBUTION, ETC.
Place of publication, distribution, etc. Risalpur
Name of publisher, distributor, etc. NUST Risalpur
Date of publication, distribution, etc. 2012
300 ## - PHYSICAL DESCRIPTION
Extent xi, 55p.
Accompanying material Abid Ali Khan
500 ## - GENERAL NOTE
General note BE Project Reports
942 ## - ADDED ENTRY ELEMENTS (KOHA)
Institution code [OBSOLETE] CAE NUST
Call number prefix PR 209
Holdings
Withdrawn status Lost status Damaged status Not for loan Collection code Permanent Location Current Location Date acquired Total Checkouts Full call number Barcode Date last seen Price effective from Koha item type
          College of Aeronautical Engineering (CAE) College of Aeronautical Engineering (CAE) 04/03/2017   PR 209 CAEPR-209 04/05/2017 04/05/2017 Book
© 2023 Central Library, National University of Sciences and Technology. All Rights Reserved.